Wuthering Waves - Personnages par images - Statistiques

Statistiques générales
  • Ce quiz a été pris 60 fois
  • Le résultat moyen est 20 sur 32
Statistiques - réponses
Par images Réponse % Correct
Changli
87%
Rover
87%
Carlotta
83%
Encore
83%
Phoebe
83%
Brant
81%
Camellya
81%
Cantarella
81%
Verina
81%
Zani
81%
Aalto
72%
The Shorekeeper
72%
Calcharo
70%
Sanhua
70%
Mortefi
64%
Ciaccona
62%
Yinlin
62%
Baizhi
60%
Roccia
60%
Jinhsi
57%
Zhezhi
55%
Jiyan
53%
Lumi
53%
Chixia
51%
Danjin
47%
Yangyang
47%
Lingyang
45%
Taoqi
40%
Jianxin
38%
Xiangli Yao
32%
Youhu
32%
Yuanwu
26%
Aucun quiz correspondant
Distribution des résultats
% des personnes avec chaque résultat
Percentile par nombre de réponses
Votre historique - résultats
Vous n’avez pas pris ce quiz